[Event "POL-ch (Women)"]
[Site "Poznan"]
[Date "2015.04.01"]
[Round "9"]
[White "Sikorska, Agata"]
[Black "Warakomska, Anna"]
[Result "0-1"]
[WhiteElo "2119"]
[BlackElo "2238"]
[PlyCount "168"]
[EventDate "2015.03.24"]
[EventType "tourn"]
[EventRounds "9"]
[EventCountry "POL"]
[EventCategory "2"]
[SourceTitle "OM OTB B 201907"]
[Source "Opening Master"]
[SourceDate "2019.07.06"]
[SourceVersion "2"]
[SourceVersionDate "2019.07.06"]
[SourceQuality "1"]

1. e4 c5 2. Nf3 d6 3. d4 cxd4 4. Nxd4 Nf6 5. Nc3 Nc6 6. Be2 e5 7. Nb3 Be7 8.
O-O O-O 9. Be3 a5 10. a4 Nb4 11. f3 d5 12. Nxd5 Nfxd5 13. exd5 Nxd5 14. Bf2 Nf4
15. Bb5 Qc7 16. c3 Bf5 17. Nc1 Rfd8 18. Qe1 Rd5 19. g3 Nh3+ 20. Kg2 Nxf2 21.
Rxf2 Rad8 22. Nb3 Qb6 23. c4 Bb4 24. Qc1 Rd1 25. Qxd1 Rxd1 26. Rxd1 Bh3+ 27.
Kg1 Qe3 28. Nc1 Bc5 29. Rd8+ Bf8 30. Ne2 g6 31. c5 Qxc5 32. Nc3 Qb6 33. Re8 Kg7
34. Ne4 Qe3 35. Bf1 f5 36. Bxh3 fxe4 37. Rxe5 Bc5 38. Rxc5 Qxc5 39. fxe4 Qd4
40. Be6 Qxe4 41. Bd7 h5 42. Bb5 g5 43. Re2 Qd4+ 44. Kg2 Kf6 45. h3 Qd5+ 46. Kh2
Qf3 47. Rg2 h4 48. gxh4 gxh4 49. Rg4 Qf2+ 50. Rg2 Qf4+ 51. Kg1 Qe3+ 52. Kh2 Kf5
53. Rg4 Ke5 54. Kg2 Qd2+ 55. Kf3 Qd1+ 56. Kg2 Qc2+ 57. Kf3 Qb3+ 58. Kg2 Qxb2+
59. Kf3 Qc3+ 60. Kg2 Qd2+ 61. Kf3 Qe1 62. Kg2 Kf5 63. Bd7+ Kf6 64. Bb5 Ke5 65.
Bf1 Qd2+ 66. Kg1 Qc3 67. Kg2 Qc6+ 68. Kf2 b6 69. Kg1 Qf3 70. Bg2 Qe3+ 71. Kh2
Qf2 72. Re4+ Kd6 73. Rc4 b5 74. Rc6+ Kd7 75. axb5 Qg3+ 76. Kh1 Qe1+ 77. Kh2
Qe5+ 78. Kh1 Qxb5 79. Rc1 Qb3 80. Rf1 a4 81. Rf4 a3 82. Rxh4 a2 83. Rh7+ Ke6
84. Rh6+ Kf5 0-1

[Event "TCh-CZE Extraliga 2014-15"]
[Site "Prague CZE"]
[Date "2015.03.28"]
[Round "10.2"]
[White "Malinovsky, K."]
[Black "Svoboda, V2."]
[Result "1-0"]
[WhiteElo "2447"]
[BlackElo "2410"]
[PlyCount "117"]
[EventDate "2015.??.??"]

1. e4 c5 2. Nf3 d6 3. d4 cxd4 4. Nxd4 Nf6 5. Nc3 Nc6 6. Be2 e5 7. Nxc6 bxc6 8.
Qd3 Be7 9. O-O O-O 10. Rd1 Qc7 11. Qg3 Be6 12. f4 Rad8 13. Kh1 Kh8 14. b3 Qa5
15. Bd2 exf4 16. Bxf4 Ne8 17. a3 d5 18. b4 Qb6 19. exd5 cxd5 20. Nb5 Nd6 21.
Nxd6 Bxd6 22. Bxd6 Rxd6 23. c4 Rdd8 24. c5 Qb7 25. Rd4 Bf5 26. Rc1 Be4 27. c6
Qb6 28. Rc5 Rc8 29. Qc3 Rfe8 30. Bf1 Qc7 31. Kg1 Re6 32. b5 Rf6 33. Rd1 h6 34.
Qg3 Qe7 35. Rcc1 Rg6 36. Qe3 Qc7 37. Rd2 f5 38. Rf2 Rd8 39. Rd1 Rgd6 40. Bd3
Re6 41. Bxe4 fxe4 42. Rf5 Re5 43. Rxe5 Qxe5 44. Qxa7 e3 45. Qc5 Qe4 46. c7 Rc8
47. b6 e2 48. Re1 d4 49. Qc4 Qe3+ 50. Kh1 d3 51. b7 Re8 52. Qxd3 Qxd3 53. c8=Q
Qd8 54. Qxd8 Rxd8 55. Kg1 Rb8 56. Rxe2 Rxb7 57. Ra2 Ra7 58. a4 Ra5 59. Kf2 1-0

[Event "Skopje Karposh op"]
[Site "Skopje"]
[Date "2015.03.28"]
[Round "3"]
[White "Milanovic, Maja"]
[Black "Vragoteris, Antonios"]
[Result "0-1"]
[WhiteElo "1935"]
[BlackElo "2238"]
[PlyCount "100"]
[EventDate "2015.03.27"]
[EventType "swiss"]
[EventRounds "9"]
[EventCountry "MKD"]
[SourceTitle "OM OTB B 201907"]
[Source "Opening Master"]
[SourceDate "2019.07.06"]
[SourceVersion "2"]
[SourceVersionDate "2019.07.06"]
[SourceQuality "1"]

1. e4 c5 2. Nf3 d6 3. d4 cxd4 4. Nxd4 Nf6 5. Nc3 Nc6 6. Be2 e5 7. Nf3 h6 8. O-O
Be6 9. Re1 Be7 10. h3 O-O 11. Bf1 Nb8 12. b3 Nbd7 13. Nd5 Nxd5 14. exd5 Bf5 15.
Bd3 Bxd3 16. Qxd3 Rc8 17. c4 f5 18. Qe2 Bf6 19. Bb2 Qb6 20. Qe3 Nc5 21. Rad1 a5
22. Ba3 Bd8 23. Bxc5 Qxc5 24. Qxc5 Rxc5 25. a4 Bb6 26. Nd2 Rc7 27. Nb1 Bc5 28.
Nc3 g5 29. Nb5 Rg7 30. Kf1 Rff7 31. Re2 Kf8 32. Nc3 Ke7 33. Na2 Kd7 34. Nc1 Kc7
35. Nd3 Kb6 36. Rb1 e4 37. Nxc5 Kxc5 38. Re3 Re7 39. Rbe1 Re5 40. f3 Rge7 41.
Kf2 Kb4 42. fxe4 Rxe4 43. Rxe4 Rxe4 44. Rxe4 fxe4 45. Ke3 b6 46. Kxe4 Kxb3 47.
Kf5 Kxc4 48. Ke6 Kc5 49. g4 b5 50. axb5 a4 0-1

[Event "FICS rated standard game"]
[Site "FICS freechess.org"]
[Date "2015.03.24"]
[Round "?"]
[White "Attractor"]
[Black "qcbarber"]
[Result "0-1"]
[WhiteElo "2005"]
[BlackElo "2007"]
[PlyCount "68"]
[EventDate "2015.??.??"]

1. e4 c5 2. Nf3 Nc6 3. d4 cxd4 4. Nxd4 Nf6 5. Nc3 d6 6. Be2 e5 7. Nb3 Be6 8.
Be3 Be7 9. O-O a6 10. f3 O-O 11. Nd5 Rc8 12. c4 Nd7 13. Kh1 Bg5 14. Bxg5 Qxg5
15. Qc1 Qxc1 16. Rfxc1 f5 17. c5 dxc5 18. Nxc5 Nxc5 19. Rxc5 fxe4 20. fxe4 Rf2
21. Rxc6 bxc6 22. Ne7+ Kf7 23. Nxc8 Rxe2 24. Nd6+ Ke7 25. Nf5+ Bxf5 26. exf5
Rxb2 27. g4 Kf6 28. a4 Kg5 29. h3 e4 30. Ra3 Kf4 31. Rc3 e3 32. Kg1 Rb1+ 33.
Kg2 e2 34. Rf3+ Ke4 0-1

[Event "Catalunya-chT GpB final"]
[Site "Barcelona"]
[Date "2015.03.21"]
[Round "9.2"]
[White "Garcia Acosta, Roger"]
[Black "Llaneza Vega, Patricia"]
[Result "0-1"]
[WhiteElo "2085"]
[BlackElo "2206"]
[PlyCount "90"]
[EventDate "2015.03.14"]
[EventType "team-tourn"]
[EventRounds "11"]
[EventCountry "ESP"]
[SourceTitle "OM OTB B 201907"]
[Source "Opening Master"]
[SourceDate "2019.07.06"]
[SourceVersion "2"]
[SourceVersionDate "2019.07.06"]
[SourceQuality "1"]

1. e4 c5 2. Nf3 Nc6 3. d4 cxd4 4. Nxd4 Nf6 5. Nc3 d6 6. Be2 e5 7. Nf3 h6 8. O-O
Be7 9. b3 O-O 10. Bb2 Be6 11. Qd2 Qa5 12. Rfd1 Rfc8 13. h3 Rab8 14. a3 a6 15.
Qe3 b5 16. Qd3 Qd8 17. Qe3 Qc7 18. Rd2 Qb7 19. a4 b4 20. Nd5 Bxd5 21. exd5 Na5
22. Rad1 Rc5 23. Nxe5 Nxd5 24. Qf3 dxe5 25. Rxd5 Rbc8 26. Bxe5 Rxd5 27. Rxd5
Nc6 28. Bb2 Bf8 29. Rf5 Rc7 30. Bc4 Nd8 31. Bd5 Qa7 32. Bc4 Qb6 33. Rd5 Ne6 34.
Re5 Ng5 35. Qe2 Rc5 36. Re8 Qc6 37. Bd4 Nxh3+ 38. Kf1 Nf4 39. Qe4 Rxc4 40. bxc4
Qxc4+ 41. Kg1 Ne6 42. Rxf8+ Nxf8 43. Qd3 Qxd3 44. cxd3 Ne6 45. Bb2 Nc5 0-1

[Event "POL-ch U18"]
[Site "Karpacz"]
[Date "2015.03.16"]
[Round "2"]
[White "Mrozowski, Patryk"]
[Black "Piotrowski, Przemyslaw"]
[Result "0-1"]
[WhiteElo "1956"]
[BlackElo "2195"]
[PlyCount "81"]
[EventDate "2015.03.15"]
[EventType "swiss"]
[EventRounds "9"]
[EventCountry "POL"]
[SourceTitle "OM OTB B 201907"]
[Source "Opening Master"]
[SourceDate "2019.07.06"]
[SourceVersion "2"]
[SourceVersionDate "2019.07.06"]
[SourceQuality "1"]

1. e4 c5 2. Nf3 d6 3. d4 cxd4 4. Nxd4 Nf6 5. Nc3 Nc6 6. Be2 e5 7. Nb3 Be7 8.
O-O O-O 9. Re1 h6 10. Bf3 a5 11. a4 Nb4 12. Nb5 Be6 13. c3 Nc6 14. Be3 Rc8 15.
Rc1 d5 16. Nc5 b6 17. exd5 Bxd5 18. Bxd5 Nxd5 19. Nb7 Qd7 20. c4 Qxb7 21. cxd5
Nb4 22. Rxc8 Rxc8 23. d6 Bf8 24. Qb3 Rd8 25. Bd2 Nc6 26. Bc3 Bxd6 27. Nxd6 Rxd6
28. Bxe5 Nxe5 29. Rxe5 Qc6 30. h3 Rd2 31. Rb5 Qc1+ 32. Kh2 Rxf2 33. Rxb6 Qc7+
34. Kg1 Rc2 35. Rb8+ Kh7 36. Rb7 Rc1+ 37. Kf2 Qc5+ 38. Kg3 Qg5+ 39. Kf2 Qh4+
40. Ke2 Re1+ 41. Kd3 0-1

[Event "BL2-West 1415"]
[Site "Germany"]
[Date "2015.03.15"]
[Round "8.4"]
[White "Mertens, Heiko"]
[Black "Minor, Samuel"]
[Result "1-0"]
[WhiteElo "2320"]
[BlackElo "2229"]
[PlyCount "109"]
[EventDate "2014.09.21"]
[EventType "team-tourn"]
[EventRounds "9"]
[EventCountry "GER"]
[SourceTitle "OM OTB B 201907"]
[Source "Opening Master"]
[SourceDate "2019.07.06"]
[SourceVersion "2"]
[SourceVersionDate "2019.07.06"]
[SourceQuality "1"]

1. e4 c5 2. Nf3 d6 3. d4 cxd4 4. Nxd4 Nf6 5. Nc3 Nc6 6. Be2 e5 7. Nf3 h6 8. O-O
Be7 9. Re1 O-O 10. h3 Be6 11. Bf1 Rc8 12. Nd5 Bxd5 13. exd5 Nb4 14. c4 a5 15.
Be3 Nd7 16. a3 Na6 17. Rb1 e4 18. Nd4 Ne5 19. Bf4 Nc5 20. b4 axb4 21. axb4 Ncd3
22. Rxe4 Nxf4 23. Rxf4 Nxc4 24. Bxc4 Rxc4 25. Nc6 Rxf4 26. Nxd8 Bxd8 27. Qa4
Bb6 28. Qd7 Rxf2 29. Kh1 Bd4 30. Qxd6 Re8 31. Rd1 Bf6 32. Qg3 Rb2 33. Qg4 h5
34. Qxh5 Rxb4 35. d6 Rd8 36. Qa5 Re4 37. d7 Re6 38. Qc7 b5 39. Qb7 Re5 40. Rc1
Kf8 41. Rc8 Re1+ 42. Kh2 Rd1 43. Qc7 Be5+ 44. Qxe5 R1xd7 45. Qxb5 Rxc8 46. Qxd7
Re8 47. h4 f6 48. g4 Re7 49. Qd6 Kf7 50. Kg3 Re5 51. g5 Re3+ 52. Kf4 Re5 53.
Qd7+ Kg6 54. h5+ Kxh5 55. Qxg7 1-0

[Event "Budapest Art Pub Cup 7th"]
[Site "Budapest"]
[Date "2015.03.14"]
[Round "2"]
[White "Bellan, Istvan"]
[Black "Mester, Attila"]
[Result "1/2-1/2"]
[WhiteElo "1832"]
[BlackElo "1999"]
[PlyCount "57"]
[EventDate "2015.03.13"]
[EventType "swiss"]
[EventRounds "6"]
[EventCountry "HUN"]
[SourceTitle "OM OTB B 201907"]
[Source "Opening Master"]
[SourceDate "2019.07.06"]
[SourceVersion "2"]
[SourceVersionDate "2019.07.06"]
[SourceQuality "1"]

1. e4 c5 2. Nf3 Nc6 3. d4 cxd4 4. Nxd4 Nf6 5. Nc3 d6 6. Be2 e5 7. Nb3 Be7 8.
Be3 O-O 9. O-O a5 10. a3 a4 11. Nd2 Nd4 12. Nc4 b5 13. Bxd4 bxc4 14. Be3 Be6
15. f4 exf4 16. Rxf4 Qc7 17. Nd5 Bxd5 18. exd5 Ra5 19. Rxc4 Qb7 20. Rb4 Qxd5
21. c4 Qe6 22. Bd4 d5 23. Rb5 Rxb5 24. cxb5 Re8 25. Bf3 Bd6 26. Bxf6 Qxf6 27.
Qxd5 Bxh2+ 28. Kxh2 Qh4+ 29. Kg1 1/2-1/2

[Event "CZE-ch U16"]
[Site "Kouty nad Desnou"]
[Date "2015.03.13"]
[Round "8"]
[White "Bares, Jachym"]
[Black "Zeman, Radek"]
[Result "1-0"]
[WhiteElo "1900"]
[BlackElo "1912"]
[PlyCount "71"]
[EventDate "2015.03.07"]
[EventType "swiss"]
[EventRounds "9"]
[EventCountry "CZE"]
[SourceTitle "OM OTB B 201907"]
[Source "Opening Master"]
[SourceDate "2019.07.06"]
[SourceVersion "2"]
[SourceVersionDate "2019.07.06"]
[SourceQuality "1"]

1. e4 c5 2. Nf3 Nc6 3. d4 cxd4 4. Nxd4 Nf6 5. Nc3 d6 6. Be2 e5 7. Nb3 Be7 8.
Be3 O-O 9. O-O a5 10. Bf3 a4 11. Nd2 a3 12. bxa3 Be6 13. Nd5 Bxd5 14. exd5 Na5
15. Rb1 Qd7 16. Qe2 Rfc8 17. c4 e4 18. Nxe4 Nxe4 19. Bxe4 Nxc4 20. Qd3 g6 21.
Rb3 Nxe3 22. Qxe3 Bf6 23. Rfb1 Rc7 24. g3 Ra4 25. Bd3 Bd4 26. Qd2 Ra7 27. Bxg6
Bc5 28. Be4 f6 29. Qf4 Qg7 30. Bf5 b6 31. Rf3 Qg5 32. Qe4 Re7 33. Be6+ Kh8 34.
Rf4 Qg6 35. Rg4 Qxe4 36. Rg8# 1-0

[Event "Kouty nad Desnou op-B"]
[Site "Kouty nad Desnou"]
[Date "2015.03.09"]
[Round "3"]
[White "Kosut, Tomas"]
[Black "Tajovsky, Matej"]
[Result "1-0"]
[WhiteElo "1796"]
[BlackElo "1530"]
[PlyCount "51"]
[EventDate "2015.03.07"]
[EventType "swiss"]
[EventRounds "9"]
[EventCountry "CZE"]
[SourceTitle "OM OTB B 201907"]
[Source "Opening Master"]
[SourceDate "2019.07.06"]
[SourceVersion "2"]
[SourceVersionDate "2019.07.06"]
[SourceQuality "1"]

1. e4 c5 2. Nf3 Nc6 3. d4 cxd4 4. Nxd4 Nf6 5. Nc3 d6 6. Be2 e5 7. Nb3 Be7 8. f4
Qb6 9. f5 O-O 10. g4 Nxg4 11. Bxg4 Bh4+ 12. Kd2 Qf2+ 13. Qe2 Bg5+ 14. Kd1 Qh4
15. Bxg5 Qxg5 16. h4 Qd8 17. Kd2 a6 18. Rag1 b5 19. Nd5 Ne7 20. f6 Nxd5 21.
fxg7 Re8 22. exd5 Bb7 23. Bf5 Bxd5 24. Bxh7+ Kxh7 25. Qh5+ Kg8 26. Qh8# 1-0

[Event "SVK-chT2C 1415"]
[Site "Slovakia"]
[Date "2015.03.08"]
[Round "11.2"]
[White "Kopera, Michal"]
[Black "Jelen, Peter"]
[Result "1/2-1/2"]
[WhiteElo "2131"]
[BlackElo "2233"]
[PlyCount "124"]
[EventDate "2014.10.11"]
[EventType "team-tourn"]
[EventRounds "11"]
[EventCountry "SVK"]
[SourceTitle "OM OTB B 201907"]
[Source "Opening Master"]
[SourceDate "2019.07.06"]
[SourceVersion "2"]
[SourceVersionDate "2019.07.06"]
[SourceQuality "1"]

1. e4 c5 2. Nf3 Nc6 3. d4 cxd4 4. Nxd4 Nf6 5. Nc3 d6 6. Be2 e5 7. Nb3 Be7 8.
Be3 O-O 9. Qd2 a5 10. a4 Be6 11. O-O-O Nb4 12. f4 Rc8 13. Kb1 Rxc3 14. bxc3
Nxe4 15. Qe1 Nd5 16. Bd2 exf4 17. Bb5 Nxd2+ 18. Qxd2 Bf6 19. Nd4 Qc7 20. c4 Ne3
21. Nxe6 fxe6 22. Qxd6 Qxd6 23. Rxd6 Nxg2 24. Rxe6 f3 25. c5 h5 26. Rd1 f2 27.
Bf1 Nf4 28. Rb6 Rc8 29. Rxb7 Rxc5 30. Rb5 Rc7 31. Rf5 Rb7+ 32. Bb5 Ne2 33. Rd7
Nc3+ 34. Kc1 Bg5+ 35. Rxg5 Rxd7 36. Bc4+ Kh7 37. Rxh5+ Kg6 38. Rxa5 Rd4 39. Ba6
Nxa4 40. Re5 Kf6 41. Re3 Rf4 42. Bf1 g5 43. h3 Nc5 44. Kd2 Ne4+ 45. Ke2 Ke5 46.
Bg2 f1=Q+ 47. Bxf1 Kd4 48. Rd3+ Ke5 49. Ke1 Nc5 50. Re3+ Re4 51. Kf2 Kd4 52.
c3+ Ke5 53. Bd3 Rxe3 54. Kxe3 Ne6 55. Kf3 Nc5 56. Bc2 Ne6 57. Kg4 Kf6 58. Ba4
Nc5 59. Bb5 Ne4 60. c4 Nc5 61. Bc6 Nd3 62. Bd5 Nc5 1/2-1/2

[Event "CZE-ch U12"]
[Site "Kouty nad Desnou"]
[Date "2015.03.08"]
[Round "2"]
[White "Hrabal, Matej"]
[Black "Fojt, Petr"]
[Result "1/2-1/2"]
[WhiteElo "1391"]
[BlackElo "1527"]
[PlyCount "77"]
[EventDate "2015.03.07"]
[EventType "swiss"]
[EventRounds "9"]
[EventCountry "CZE"]
[SourceTitle "OM OTB B 201907"]
[Source "Opening Master"]
[SourceDate "2019.07.06"]
[SourceVersion "2"]
[SourceVersionDate "2019.07.06"]
[SourceQuality "1"]

1. e4 c5 2. Nf3 d6 3. d4 cxd4 4. Nxd4 Nf6 5. Nc3 Nc6 6. Be2 e5 7. Nb3 Be6 8.
Be3 Be7 9. O-O O-O 10. Bf3 Qc7 11. Qe2 Rfd8 12. Rfd1 Rac8 13. Rac1 Bf8 14. Qd2
b6 15. Nd5 Bxd5 16. exd5 Ne7 17. c4 Nd7 18. Na1 Nf5 19. Bg4 Nxe3 20. fxe3 Rb8
21. b4 Nf6 22. Bf3 e4 23. Be2 Qe7 24. Nb3 Rbc8 25. Nd4 Qc7 26. Nc6 Re8 27. Qc2
Nd7 28. Bg4 Ra8 29. Bxd7 Qxd7 30. Rf1 Qg4 31. Rf4 Qg6 32. Rcf1 a6 33. Qf2 f6
34. Qe2 b5 35. Rg4 Qf7 36. Qc2 bxc4 37. Qxc4 f5 38. Rg5 g6 39. Rg3 1/2-1/2

[Event "EU-ch 16th"]
[Site "Jerusalem"]
[Date "2015.03.06"]
[Round "10"]
[White "Kali, Omer"]
[Black "Kanmazalp, Ogulcan"]
[Result "1-0"]
[WhiteElo "2089"]
[BlackElo "2457"]
[PlyCount "111"]
[EventDate "2015.02.24"]
[EventType "swiss"]
[EventRounds "11"]
[EventCountry "ISR"]
[SourceTitle "OM OTB B 201907"]
[Source "Opening Master"]
[SourceDate "2019.07.06"]
[SourceVersion "2"]
[SourceVersionDate "2019.07.06"]
[SourceQuality "1"]

1. e4 c5 2. Nf3 d6 3. d4 cxd4 4. Nxd4 Nf6 5. Nc3 Nc6 6. Be2 e5 7. Nf3 Be7 8.
O-O h6 9. h3 O-O 10. Re1 Be6 11. Bf1 Rc8 12. Nh2 Na5 13. Ng4 Nxg4 14. hxg4 Nc6
15. Nd5 Bg5 16. c3 Bxc1 17. Rxc1 Qa5 18. a4 Qd8 19. b4 Qg5 20. Ne3 Ne7 21. g3
Rfd8 22. Bg2 a5 23. b5 Rc5 24. c4 Nc8 25. Qd2 b6 26. Qe2 Ne7 27. Red1 Ng6 28.
Rd2 Qe7 29. Rf1 Qc7 30. Rc2 Rc8 31. Rfc1 Qb7 32. Rd1 Qc7 33. Rdc1 Nf8 34. f4 f6
35. f5 Bf7 36. Bf1 Nh7 37. Qg2 Ng5 38. Bd3 Kf8 39. Qe2 Qb7 40. Nf1 Ke7 41. Kg2
g6 42. Nd2 gxf5 43. gxf5 Rg8 44. Rh1 h5 45. Nf3 Nxf3 46. Qxf3 Rg5 47. Kf2 Qc8
48. Rd2 Qg8 49. Be2 Bxc4 50. Bxc4 Rxc4 51. Rhd1 Qc8 52. Qa3 Rb4 53. Rc1 Qb7 54.
Rc6 Rg4 55. Qa2 Qd7 56. Qc2 1-0

[Event "Leipzig VfB op 22nd"]
[Site "Leipzig"]
[Date "2015.03.04"]
[Round "2"]
[White "Weber, Benedikt"]
[Black "Koch, Markus"]
[Result "0-1"]
[WhiteElo "1989"]
[BlackElo "2161"]
[PlyCount "46"]
[EventDate "2015.03.03"]
[EventType "swiss"]
[EventRounds "9"]
[EventCountry "GER"]
[SourceTitle "OM OTB B 201907"]
[Source "Opening Master"]
[SourceDate "2019.07.06"]
[SourceVersion "2"]
[SourceVersionDate "2019.07.06"]
[SourceQuality "1"]

1. e4 c5 2. Nf3 d6 3. d4 cxd4 4. Nxd4 Nf6 5. Nc3 Nc6 6. Be2 e5 7. Nb3 h6 8. Be3
Be6 9. Bf3 Be7 10. Qe2 O-O 11. g4 a5 12. a4 Nb4 13. Rd1 Qc8 14. g5 hxg5 15.
Bxg5 Bc4 16. Qd2 Qh3 17. Be2 Qg2 18. Rf1 Bxe2 19. Kxe2 Nxe4 20. Nxe4 Qxe4+ 21.
Be3 Qc4+ 22. Kf3 f5 23. Kg2 f4 0-1

[Event "Regionalliga NO 1415"]
[Site "Bayern"]
[Date "2015.02.22"]
[Round "7.5"]
[White "Tong, Kevin"]
[Black "Bloederl, Alfred"]
[Result "0-1"]
[WhiteElo "1994"]
[BlackElo "1995"]
[PlyCount "84"]
[EventDate "2014.10.19"]
[EventType "team-tourn"]
[EventRounds "9"]
[EventCountry "GER"]
[SourceTitle "OM OTB B 201907"]
[Source "Opening Master"]
[SourceDate "2019.07.06"]
[SourceVersion "2"]
[SourceVersionDate "2019.07.06"]
[SourceQuality "1"]
[WhiteTeam "Erlangen SC II"]
[BlackTeam "Windischeschenbach"]
[WhiteTeamCountry "GER"]
[BlackTeamCountry "GER"]

1. e4 c5 2. Nf3 d6 3. d4 cxd4 4. Nxd4 Nf6 5. Nc3 Nc6 6. Be2 e5 7. Nb3 Be7 8.
O-O O-O 9. Be3 Be6 10. Qd2 a5 11. Rad1 a4 12. Nc1 Qa5 13. f3 Rfd8 14. Qe1 d5
15. exd5 Nxd5 16. Nxd5 Rxd5 17. Qf2 Rxd1 18. Rxd1 Rd8 19. Nd3 Nd4 20. Bf1 Qd5
21. Rd2 Qxa2 22. Nxe5 Nf5 23. Rxd8+ Bxd8 24. Nd3 Nxe3 25. Qxe3 Qd5 26. c3 g6
27. Kf2 Bc7 28. g3 Qb5 29. Kg2 Bc4 30. Qd2 Bb6 31. Be2 Qd5 32. Qc2 Bb5 33. Nb4
Qc5 34. Bxb5 Qxb5 35. Qe4 Qc5 36. Qxb7 Qg1+ 37. Kh3 Qf1+ 38. Kg4 f5+ 39. Kf4
Qc4+ 40. Ke5 Bc7+ 41. Kf6 Qf7+ 42. Kg5 Bd8+ 0-1

[Event "SA-00461"]
[Site "LSS"]
[Date "2015.02.22"]
[Round "?"]
[White "Usmanoff, Rustam Pulatovich"]
[Black "Palma Espinoza, Hugo"]
[Result "1-0"]
[WhiteElo "2290"]
[BlackElo "2050"]
[PlyCount "68"]
[EventDate "2015.01.11"]
[SourceTitle "LSS to Dec2020"]
[Source "LSS ed TH"]
[SourceDate "2021.01.12"]
[SourceVersion "3"]
[SourceVersionDate "2021.01.12"]
[SourceQuality "1"]

1. e4 c5 2. Nf3 Nc6 3. d4 cxd4 4. Nxd4 Nf6 5. Nc3 d6 6. Be2 e5 7. Nb3 Be7 8.
O-O O-O 9. Be3 Be6 10. Bf3 a5 11. Nd5 Bxd5 12. exd5 Nb4 13. c3 Na6 14. a4 Nd7
15. Be2 Nc7 16. Qd2 h6 17. g3 Bg5 18. f4 exf4 19. gxf4 Bf6 20. Kh1 Re8 21. Bg1
Nxd5 22. Bc4 N5b6 23. Bb5 d5 24. Qg2 g6 25. Rad1 Qc7 26. h4 Bxh4 27. f5 g5 28.
Bh2 Qc8 29. Rd4 Kh8 30. Nd2 Nf6 31. Nf3 Nc4 32. Bxc4 dxc4 33. Nxh4 gxh4 34.
Rxh4 h5 1-0

[Event "Lutsk Nebesna Sotnya Memorial blitz"]
[Site "Lutsk"]
[Date "2015.02.20"]
[Round "17"]
[White "Kovchan, Alexander"]
[Black "Sharapov, Evgeny"]
[Result "0-1"]
[WhiteElo "2576"]
[BlackElo "2367"]
[PlyCount "67"]
[EventDate "2015.02.20"]
[EventType "swiss (blitz)"]
[EventRounds "22"]
[EventCountry "UKR"]
[SourceTitle "OM OTB B 201907"]
[Source "Opening Master"]
[SourceDate "2019.07.06"]
[SourceVersion "2"]
[SourceVersionDate "2019.07.06"]
[SourceQuality "1"]

1. e4 c5 2. Nf3 d6 3. d4 cxd4 4. Nxd4 Nf6 5. Nc3 Nc6 6. Be2 e5 7. Nf3 h6 8. O-O
Be7 9. Re1 O-O 10. h3 Be6 11. Bf1 Qd7 12. Nd5 Bd8 13. c4 Nh7 14. Ne3 Ng5 15.
Nxg5 Bxg5 16. b3 g6 17. Kh2 f5 18. exf5 gxf5 19. Bb2 Kh7 20. Qc2 Rad8 21. Rad1
Qf7 22. a3 a5 23. Nd5 Ne7 24. Nc7 Bc8 25. c5 dxc5 26. Bxe5 Nc6 27. Bc4 Qg6 28.
f4 Nxe5 29. fxg5 Nxc4 30. Re7+ Rf7 31. Rxd8 Rxe7 32. Nd5 Rd7 33. Nf6+ Kg7 34.
Rxd7+ 0-1

[Event "Liberec op 15th"]
[Site "Liberec"]
[Date "2015.02.20"]
[Round "8"]
[White "Liduch, Filip"]
[Black "Grela, Kacper"]
[Result "0-1"]
[WhiteElo "1988"]
[BlackElo "2165"]
[PlyCount "98"]
[EventDate "2015.02.14"]
[EventType "swiss"]
[EventRounds "9"]
[EventCountry "CZE"]
[SourceTitle "OM OTB B 201907"]
[Source "Opening Master"]
[SourceDate "2019.07.06"]
[SourceVersion "2"]
[SourceVersionDate "2019.07.06"]
[SourceQuality "1"]

1. e4 c5 2. Nf3 Nc6 3. d4 cxd4 4. Nxd4 Nf6 5. Nc3 d6 6. Be2 e5 7. Nb3 Be7 8.
O-O O-O 9. Be3 a5 10. a3 Be6 11. Qd3 a4 12. Nd2 d5 13. exd5 Nxd5 14. Nxd5 Qxd5
15. Qxd5 Bxd5 16. Nc4 Be6 17. Rad1 Nd4 18. Bxd4 exd4 19. Nb6 Ra5 20. Rd2 Bd8
21. Nc4 Rd5 22. Rfd1 Rc5 23. Nd6 Rc6 24. Nb5 Bf6 25. Nxd4 Bxd4 26. Rxd4 Rxc2
27. Bf3 b5 28. Rb4 Bb3 29. Rb1 Rfc8 30. h3 R8c5 31. Re1 g6 32. Re2 Rc1+ 33. Kh2
Kg7 34. Rd2 h5 35. Be2 Bc4 36. Bxc4 R1xc4 37. Rd4 Rc2 38. Rf4 Rd5 39. h4 Kf8
40. Kg3 Ke7 41. Rfe4+ Kd6 42. Re3 Rc4 43. Re4 Rxe4 44. Rxe4 Kc5 45. Re3 b4 46.
Kf3 Rd2 47. b3 bxa3 48. bxa4 Ra2 49. Rb3 Ra1 0-1

[Event "Liberec op 15th"]
[Site "Liberec"]
[Date "2015.02.16"]
[Round "3"]
[White "Bjerke, Silje"]
[Black "Nagy, Gabor"]
[Result "0-1"]
[WhiteElo "2157"]
[BlackElo "2391"]
[PlyCount "68"]
[EventDate "2015.02.14"]
[EventType "swiss"]
[EventRounds "9"]
[EventCountry "CZE"]
[SourceTitle "OM OTB B 201907"]
[Source "Opening Master"]
[SourceDate "2019.07.06"]
[SourceVersion "2"]
[SourceVersionDate "2019.07.06"]
[SourceQuality "1"]

1. e4 c5 2. Nf3 d6 3. d4 cxd4 4. Nxd4 Nf6 5. Nc3 Nc6 6. Be2 e5 7. Nf3 h6 8. O-O
Be7 9. Re1 O-O 10. h3 a6 11. a4 Be6 12. Bf1 Nb4 13. b3 Rc8 14. Bb2 Nh7 15. Rc1
Ng5 16. Nxg5 Bxg5 17. Rb1 Rc6 18. Ba3 Qa5 19. Bxb4 Qxb4 20. Nd5 Bxd5 21. exd5
Rc3 22. Ra1 f5 23. a5 e4 24. Bc4 Qc5 25. Ra2 Re8 26. Rf1 f4 27. Qh5 Re5 28. h4
Bf6 29. Qg4 f3 30. g3 e3 31. fxe3 Rcxe3 32. Kh2 R5e4 33. Qh5 Rxc4 34. bxc4 Qxc4
0-1

[Event "Liberec op 15th"]
[Site "Liberec"]
[Date "2015.02.16"]
[Round "3"]
[White "Spreer, Lutz"]
[Black "Prachar, Josef"]
[Result "0-1"]
[WhiteElo "1637"]
[BlackElo "1919"]
[PlyCount "82"]
[EventDate "2015.02.14"]
[EventType "swiss"]
[EventRounds "9"]
[EventCountry "CZE"]
[SourceTitle "OM OTB B 201907"]
[Source "Opening Master"]
[SourceDate "2019.07.06"]
[SourceVersion "2"]
[SourceVersionDate "2019.07.06"]
[SourceQuality "1"]

1. e4 c5 2. Nf3 Nc6 3. d4 cxd4 4. Nxd4 Nf6 5. Nc3 d6 6. Be2 e5 7. Nb3 Be7 8.
O-O O-O 9. Be3 a5 10. a4 Nb4 11. f4 Be6 12. Nd2 exf4 13. Bxf4 Qb6+ 14. Kh1 Rac8
15. h3 Rfd8 16. Rf3 d5 17. exd5 Nfxd5 18. Nxd5 Bxd5 19. Rg3 Nxc2 20. Rc1 Qxb2
21. Bd3 Ne3 22. Bxh7+ Kf8 23. Rb1 Nxd1 24. Rxb2 Nxb2 25. Ne4 Bxe4 26. Bxe4 Bd6
27. Bxd6+ Rxd6 28. Rb3 Nxa4 29. Rxb7 Nc5 30. Bf5 Nxb7 31. Bxc8 Nc5 32. Bf5 a4
33. Kh2 a3 34. Bb1 Rd2 35. h4 Na4 36. Kh3 Nc3 37. Bf5 a2 38. g4 a1=Q 39. h5 Qg1
40. Kh4 Rh2+ 41. Kg5 Qe3# 0-1